000 00765nam a22002051a 4500
003 OSt
005 20150408114036.0
008 120519s2012 ua ||||g b 00| 0 ara d
020 _a9789773791841
040 _aعمادة شؤون المكتبات في جامعة المجمعة
082 0 4 _221
_a257.5
_b257.5 ن ا إ
100 1 _aالبدوي، إسماعيل إبراهيم
_99053
245 1 2 _aنظام القضاء الإسلامي /
_cإسماعيل إبراهيم البدوي.
250 _aط. 1.
260 _aالإسكندرية، مصر :
_bدار الفكر الجامعي،
_c2012
300 _a456 ص. ؛
_c24 سم.
504 _aببليوجرافية : ص. 409-445.
650 7 _2aucsh
_aالقضاء في الإسلام
942 _2ddc
_cBOOK
999 _c23340
_d257840